CAD dvouměsíčník o CA.. a PLM technologiích

Guardado en:
Detalles Bibliográficos
Formato: Seriadas
Lenguaje:checo
Publicado: Brno CCB
Etiquetas: Agregar Etiqueta
Sin Etiquetas, Sea el primero en etiquetar este registro!

MARC

LEADER 00000nas1a2200000 4500
001 0270305
005 20210105213718.9
022 |a 1805-8418 
041 0 |a cze 
044 |a CZ 
245 1 0 |a CAD  |b dvouměsíčník o CA.. a PLM technologiích 
264 1 |a Brno  |b CCB